| 000 | 00360nam a22001457a 4500 | ||
|---|---|---|---|
| 003 | SGT | ||
| 020 | _a9789390513956 | ||
| 082 |
_a346 _bRAJ |
||
| 100 | _aRAJANI AYUSH J | ||
| 245 |
_aCOMPREHENSIVE GUIDE TO INSOLVENCY AND BANKRUPTCY CODE 2016 _bLAW AND PRACTICE |
||
| 250 | _a3 | ||
| 260 |
_aNEW DELHI _bBLOOMSBURY _c2022 |
||
| 300 | _a21.564 | ||
| 942 |
_2ddc _cBK |
||
| 999 |
_c25738 _d25738 |
||